Airlines which fly to Tokyo! - Statistics

General Stats
  • This quiz has been taken 740 times
  • The average score is 29 of 41
Answer Stats
Airline % Correct
Air China
96%
American Airlines
92%
British Airways
91%
Japan Airlines
91%
United
90%
Delta
89%
Qantas
87%
Emirates
86%
Air France
85%
Korean Air
84%
Singapore Airlines
84%
ANA
83%
Lufthansa
81%
Thai Airways
81%
Air India
79%
Qatar Airways
78%
China Southern
76%
Malaysia Airlines
76%
China Eastern
75%
Aeroflot
74%
KLM
74%
Air New Zealand
73%
Air Canada
70%
Cathay Pacific
70%
Etihad Airways
69%
Vietnam Airlines
66%
Asiana Airlines
65%
Garuda Indonesia
65%
Turkish Airlines
62%
Alitalia
59%
EVA Air
58%
Philippine Airlines
57%
AeroMexico
56%
SAS
55%
Swiss
55%
Finnair
51%
Jet Airways
47%
Austrian Airlines
42%
Ethiopian Airlines
38%
SriLankan Airlines
23%
PIA
20%
No matching quizzes found
Score Distribution
Percent of People with Each Score
Percentile by Number Answered
Your Score History
You have not taken this quiz